Tangled characters by picture - Statistics

General Stats
  • This quiz has been taken 9 times
  • The average score is 5 of 8
Answer Stats
Picture Answer % Correct
Flynn Rider
100%
Pascal
100%
Rapunzel
100%
Mother Gothel
88%
Maximus
50%
Vladimir
25%
Stabbington Brothers
0%
Ulf
0%
No matching quizzes found
Score Distribution
Percent of People with Each Score
Percentile by Number Answered
Your Score History
You have not taken this quiz